[Event "Landesliga U20 Nord 1415"]
[Site "Bayern"]
[Date "2014.12.13"]
[Round "3.2"]
[White "Frenkel, Matthias"]
[Black "Schilay, Lorenz"]
[Result "1-0"]
[WhiteElo "1626"]
[BlackElo "1806"]
[PlyCount "75"]
[EventDate "2014.11.15"]
[EventType "team-tourn"]
[EventRounds "7"]
[EventCountry "GER"]
[SourceTitle "EXT 2022"]
[Source "ChessBase"]
[SourceDate "2021.10.06"]
[SourceVersion "1"]
[SourceVersionDate "2021.10.06"]
[SourceQuality "1"]
[WhiteTeam "Kriegshaber SK U20"]
[BlackTeam "Neumarkt U20"]
[WhiteTeamCountry "GER"]
[BlackTeamCountry "GER"]

1. e4 e5 2. Nf3 Nc6 3. d4 exd4 4. Nxd4 Bc5 5. Be3 Qf6 6. c3 d6 7. Bb5 Bd7 8. 0-0 Nge7 9. Re1 0-0 10. Qd3 Ne5 11. Qe2 Bxb5 12. Qxb5 c6 13. Qb3 b5 14. Nd2 Rfe8 15. N2f3 Nxf3+ 16. Nxf3 Bxe3 17. Rxe3 Ng6 18. Rae1 Re7 19. Nd4 Ne5 20. f3 g6 21. Ra1 a6 22. a4 Qf4 23. Re2 c5 24. Nc2 c4 25. Qa3 Rb8 26. Nb4 Reb7 27. a5 Ra8 28. Nd5 Qg5 29. f4 Nf3+ 30. Kf2 Qh4+ 31. Kxf3 Qxh2 32. Qxd6 Qh5+ 33. Ke3 Qh2 34. Nf6+ Kg7 35. Qe5 Qg3+ 36. Kd2 Rd8+ 37. Nd5+ Kf8 38. Qh8# 1-0